| 000 | 00725nam a2200229 i 4500 | ||
|---|---|---|---|
| 001 | 73454 | ||
| 003 | ES-MaACL | ||
| 005 | 20230906171822.0 | ||
| 007 | t| | ||
| 008 | 041013s2002 sp ||||1| spa d | ||
| 020 | _a84-8163-291-0 | ||
| 080 | _a821.134.2-21"19" | ||
| 100 | 1 |
_aRaro López, Rosario. _995475 |
|
| 245 | 1 | 0 |
_aCarretera de la Boca do Inferno / _cRosario Raro López. |
| 260 |
_a[Huelva] : _bDiputación Provincial de Huelva, _c[2002] |
||
| 300 |
_a26 p. ; _c21 cm. |
||
| 490 | 1 |
_aColección José Nogales ; _v6 |
|
| 710 | 1 |
_aHuelva (Provincia). _bDiputación Provincial. _94624 |
|
| 830 | 0 |
_aColección José Nogales ; _v6 _9231173 |
|
| 852 |
_aES-MaACL _j2183-F-21 _bR.133834 |
||
| 999 |
_c73454 _d73454 |
||